The spirt of Islam (Record no. 13117)

000 -LEADER
fixed length control field 00336nam a22001577a 4500
003 - CONTROL NUMBER IDENTIFIER
control field NUST
020 ## - INTERNATIONAL STANDARD BOOK NUMBER
International Standard Book Number 978969988073
038 ## - RECORD CONTENT LICENSOR
Staff Name WASEEM
082 ## - DEWEY DECIMAL CLASSIFICATION NUMBER
Classification number 297.09 AME
100 ## - MAIN ENTRY--PERSONAL NAME
Personal name Syed Ameer Ali
9 (RLIN) 35741
245 ## - TITLE STATEMENT
Title The spirt of Islam
260 ## - PUBLICATION, DISTRIBUTION, ETC.
Place of publication, distribution, etc. Lahore
Name of publisher, distributor, etc. Peace publication
Date of publication, distribution, etc. 2014
300 ## - PHYSICAL DESCRIPTION
Extent 514
563 ## - BINDING INFORMATION
Binding note HB.
942 ## - ADDED ENTRY ELEMENTS (KOHA)
Koha item type Book
Source of classification or shelving scheme
Holdings
Withdrawn status Lost status Source of classification or shelving scheme Damaged status Not for loan Permanent Location Current Location Shelving location Date acquired Source of acquisition Cost, normal purchase price Total Checkouts Total Renewals Full call number Barcode Date last seen Date last checked out Price effective from Koha item type
          Central Library (CL) Central Library (CL) General Stacks 02/17/2015 Golden Books 716.00 3 1 297.09 AME SEECS013289 04/26/2022 10/10/2016 02/15/2015 Book
© 2023 Central Library, National University of Sciences and Technology. All Rights Reserved.